| 000 | 00674nam a2200217 4500 | ||
|---|---|---|---|
| 001 | 121842 | ||
| 003 | ES-MaACL | ||
| 007 | t| | ||
| 008 | 070214s1950 ag r ||||1| spa d | ||
| 100 | 1 |
_aPlotino. _992664 |
|
| 245 | 1 | 3 |
_aEl alma, la belleza y la contemplación _b: selección de las Enéadas / _cPlotino ; traducción con prólogo y notas de Ismael Quiles. |
| 250 | _a1ª ed. | ||
| 260 |
_aBuenos Aires : _bEspasa-Calpe, _c1950. |
||
| 300 |
_a148 p. ; _c18 cm. |
||
| 490 | 1 | _aColección austral | |
| 700 | 1 |
_aQuiles, Ismael. _994622 |
|
| 740 | 0 | _aEnéadas. | |
| 830 | 0 |
_aColección austral _9177655 |
|
| 852 |
_aES-MaACL _jC-9341 _bR.37872 |
||
| 999 |
_c121842 _d121842 |
||